Score 0/30 Timer 01:30
7 Plays Today
% Correct
One
75.1%
October
74.9%
Oink
70.2%
Obama
69.5%
Othello
67.9%
Ohio
67.7%
Orange
67.3%
Oprah
66.2%
Ounce
65.9%
Oboe
65.6%
Octopussy
65.4%
Onion
65.3%
Obtuse
62%
Oxygen
61.6%
Outlook
59.9%
% Correct
Ontario
59.4%
Orion
59.1%
Ovary
58.7%
Omega
58.4%
Optimus Prime
57.4%
Oman
54.4%
Odin
53.9%
Odometer
52.8%
Oslo
52.7%
Olympia
48.7%
Obadiah
47.1%
Oilers
46.2%
Orioles
45.6%
Opel
43.6%
Oliver!
40.7%
Remove Ads.
Support Sporcle.
Get the best of Sporcle when you Go Orange. This ad-free experience offers more features, more stats, and more fun while also helping to support Sporcle. Thank you for becoming a member.

You're not logged in!

Compare scores with friends on all Sporcle quizzes.
OR
Log In

Show Comments

Extras

Top Quizzes Today


Score Distribution

Your Account Isn't Verified!

In order to create a playlist on Sporcle, you need to verify the email address you used during registration. Go to your Sporcle Settings to finish the process.

Report this User

Report this user for behavior that violates our Community Guidelines.

Details: